00307nam a2200121Ia 4500008004100000041000900041082001800050100002100068245003400089260004600123300000800169650000800177230718s9999 xx 000 0 und d aEng. a347.04bSIN-T aSingh Dr. Avitar 4aThe Transfar of property act. aPakistanb universal Law Publishingc2008 a480 aLaw